000 005950000a22002170004500
003 LK-CoMWRAF
005 20230921131045.0
008 230817t1973 ||||| |||| 00| 0 eng d
020 _a0442248881
040 _aLK-CoMWRAF
_dLK-CoMWRAF
_eLK-CoMWRAF
041 _aeng
082 _a306.8
_bMAR
245 _aMarriages & Families
260 _aNew York:
_bD.Van Nostrand Company,
_c1973
300 _axi, 417 p. illus. 25 cm.
_bBibliography included
490 _a A Transaction/Society reader
650 _aMARRIAGE
650 _aFAMILIES
700 _aLopata, Helena Z.
_eed.
942 _cBK
999 _c1421
_d1421